| 000 | 00630nam a2200229Ia 4500 | ||
|---|---|---|---|
| 003 | OSt | ||
| 005 | 20220925215321.0 | ||
| 006 | a|||||r|||| 00| 0 | ||
| 007 | ta | ||
| 008 | 220923b |||||||| |||| 00| 0 eng d | ||
| 037 | _cGeneral Book | ||
| 040 |
_aRTL _cRTL _beng |
||
| 041 |
_2eng _aeng |
||
| 082 | _aU.2.N7, L9 | ||
| 100 |
_aJohnson B L C _9281667 |
||
| 245 | 0 |
_aIndia _bResources and development |
|
| 260 |
_aLondon _bHeinemeann UK _c1979 |
||
| 300 |
_axi, 211p. Bib p. 206 _ccm. |
||
| 650 | _aIndian Geography | ||
| 942 |
_hU.2.N7, L9 _cGB _2CC |
||
| 999 |
_c568489 _d568489 |
||